| 000 | 00503nam a2200181 i 4500 | ||
|---|---|---|---|
| 001 | 17924 | ||
| 003 | ES-MaACL | ||
| 005 | 20230906151722.0 | ||
| 007 | t| | ||
| 008 | 010622s1997 ag ||||1| spa d | ||
| 020 | _a950-9517-88-7 | ||
| 080 | _a069(821.2 B.A.) | ||
| 245 | 0 | 0 | _aMuseo Histórico Nacional. |
| 260 |
_aBuenos Aires : _bManrique Zago, _c[1997] |
||
| 300 |
_a222 p. : _bil. ; _c31 cm. |
||
| 610 | 2 | 7 |
_aMuseo Histórico Nacional (Buenos Aires) _95881 |
| 852 |
_aES-MaACL _jL-24587 _bR.129906 |
||
| 999 |
_c17924 _d17924 |
||